<?xml version="1.0" encoding="UTF-8"?>
<collection xmlns="http://www.loc.gov/MARC21/slim">
 <record>
  <leader>00679nab a2200193 i 4500</leader>
  <controlfield tag="001">bibPRO00008317</controlfield>
  <controlfield tag="008">060524s1998    xx                  hun  </controlfield>
  <datafield tag="040" ind1=" " ind2=" ">
   <subfield code="a">Sz1</subfield>
  </datafield>
  <datafield tag="041" ind1=" " ind2=" ">
   <subfield code="a">hun</subfield>
  </datafield>
  <datafield tag="100" ind1="1" ind2=" ">
   <subfield code="a">BENKŐ Samu</subfield>
  </datafield>
  <datafield tag="245" ind1="1" ind2="0">
   <subfield code="a">Egyesületi közlemények. Az 1998. április 25-i közgyűlés iratai. Benkő Samu elnöki megnyitóbeszéde</subfield>
   <subfield code="c">BENKŐ Samu</subfield>
  </datafield>
  <datafield tag="695" ind1=" " ind2=" ">
   <subfield code="a">intézménytörténet</subfield>
  </datafield>
  <datafield tag="695" ind1=" " ind2=" ">
   <subfield code="a">kulturális intézmények</subfield>
  </datafield>
  <datafield tag="695" ind1=" " ind2=" ">
   <subfield code="a">politikai intézmények</subfield>
  </datafield>
  <datafield tag="695" ind1=" " ind2=" ">
   <subfield code="a">múzeumok</subfield>
  </datafield>
  <datafield tag="695" ind1=" " ind2=" ">
   <subfield code="a">EME-közgyűlésJAKÓ Zsigmond</subfield>
  </datafield>
  <datafield tag="695" ind1=" " ind2=" ">
   <subfield code="a">Erdélyi Múzeum-Egyesület (EME)</subfield>
  </datafield>
  <datafield tag="695" ind1=" " ind2=" ">
   <subfield code="a">RMDSZ-Romániai Magyar Demokrata Szövetség</subfield>
  </datafield>
  <datafield tag="773" ind1="0" ind2=" ">
   <subfield code="t">Erdélyi Múzeum. -</subfield>
   <subfield code="g">1-2 sz., 1998, 112-116 p.</subfield>
  </datafield>
 </record>
</collection>
